000 00349nam a2200133 i 4500
001 bg
100 1 _aSZYMAŃSKI, Cz.
245 0 _aŚciskanie pasma z materiału sprężysto-idealnie plastycznego... /
_cCz. Szymański.
260 _aWarszawa,
_c1984.
040 _cBPK
041 _apol
942 _cKS
008 s pl f |000 0 pol
999 _c22379
_d22379
856 _uhttp://koha.tu.koszalin.pl/cgi-bin/koha/opac-detail.pl?biblionumber=22379
_yKatalog online BPK